| 000 | nam a22 7a 4500 | ||
|---|---|---|---|
| 999 |
_c2927 _d2927 |
||
| 005 | 20170518163523.0 | ||
| 008 | 170518b2007 -uk||||| |||| 00| 0 eng d | ||
| 020 | _a9780771425844 | ||
| 040 | _aAKMAL | ||
| 082 | _a658.0722 LEE | ||
| 090 |
_a658.0722 _bLEE |
||
| 100 | 1 |
_aMauffette-Leenders, Louise A. _96130 |
|
| 245 | 1 | 0 |
_aLearning with cases / _bLouise A. Mauffette-Leenders, James A. Erskine, Michiel R. Leenders. |
| 250 | _a4th ed | ||
| 260 |
_aLondon, Ont. : _bIvey, _cc2007 |
||
| 300 |
_ax, 135 p. : _b ill. ; _c 23 cm |
||
| 504 | _aIncludes bibliographical references and index. | ||
| 599 | _aDALAM PROSES | ||
| 700 | 1 |
_aErskine, James A. _96131 |
|
| 700 | 1 |
_a Leenders, Michiel R. _96132 |
|
| 710 | 2 |
_aRichard Ivey School of Business. _96133 |
|
| 942 |
_2ddc _cBOOK |
||